[Event "ch-city B"]
[Site "Warszawa"]
[Date "2013.05.16"]
[Round "6.19"]
[White "Pacan-Milej, Kosma"]
[Black "Woloszyn, Piotr"]
[Result "1-0"]
[WhiteElo "1405"]
[BlackElo "1533"]
[PlyCount "119"]
[EventDate "2013.05.11"]
[EventType "swiss"]
[EventRounds "9"]
[EventCountry "POL"]

1. d4 d5 2. c4 e6 3. Nc3 c6 4. Nf3 Bb4 5. e3 Nf6 6. Qc2 O-O 7. Bd3 dxc4 8. Bxc4
b5 9. Bd3 Bb7 10. O-O Nbd7 11. Rd1 h6 12. e4 Bxc3 13. bxc3 Qa5 14. Bf4 Rfc8 15.
a4 Qb6 16. a5 Qa6 17. Qe2 Nh5 18. Bd6 Rd8 19. c4 Rac8 20. g3 c5 21. Be7 b4 22.
Bxd8 Rxd8 23. Ne5 Nhf6 24. Nxd7 Nxd7 25. d5 e5 26. Bc2 Qd6 27. Ba4 Nf6 28. a6
Bc8 29. Bc6 Bh3 30. f3 h5 31. Qf2 g6 32. Bb7 Qb6 33. Bc6 Kg7 34. Qa2 Qc7 35.
Qa5 Qd6 36. Qa2 g5 37. Qd2 Kg6 38. Qe3 g4 39. f4 Kh7 40. Ra5 exf4 41. gxf4 Qc7
42. Rb5 Rf8 43. e5 Ng8 44. Rb7 Qa5 45. e6 Qa2 46. Qe4+ Kh6 47. e7 Nxe7 48. Rxe7
g3 49. hxg3 b3 50. d6 Bg4 51. Re1 Bh3 52. f5 Qd2 53. Qe3+ Qxe3+ 54. R1xe3 Bxf5
55. Rxb3 Be6 56. Bd5 Bxd5 57. cxd5 Rd8 58. d7 Kg6 59. Rb7 c4 60. Re8 1-0

[Event "ch-city B"]
[Site "Warszawa"]
[Date "2013.05.16"]
[Round "6.20"]
[White "Herman, Monika"]
[Black "Gajewski, Zbigniew"]
[Result "1-0"]
[WhiteElo "1693"]
[BlackElo "1455"]
[PlyCount "71"]
[EventDate "2013.05.11"]
[EventType "swiss"]
[EventRounds "9"]
[EventCountry "POL"]

1. e4 g6 2. d4 d6 3. Nc3 Bg7 4. Be2 Nf6 5. Nf3 O-O 6. O-O Nbd7 7. h3 c5 8. dxc5
Nxc5 9. e5 Ne8 10. exd6 Nxd6 11. Nb5 Nxb5 12. Qxd8 Rxd8 13. Bxb5 a6 14. Bc4 Bf5
15. c3 b5 16. Be3 Na4 17. Bb3 Nxb2 18. Nd4 Rac8 19. Nxf5 gxf5 20. Bg5 Rd7 21.
Rae1 e6 22. Rxe6 a5 23. Rfe1 Bxc3 24. Re7 Rxe7 25. Rxe7 Nc4 26. Bc2 Nd6 27. Rd7
Bb4 28. Bd3 Kg7 29. Bf4 Rc6 30. Bxd6 Bxd6 31. Bxb5 Rc1+ 32. Bf1 Bb4 33. g3 Kg6
34. Kg2 Rc2 35. g4 fxg4 36. Bd3+ 1-0

[Event "ch-city B"]
[Site "Warszawa"]
[Date "2013.05.16"]
[Round "6.21"]
[White "Mincewicz, Tomasz"]
[Black "Cuch, Dariusz"]
[Result "1-0"]
[WhiteElo "1473"]
[BlackElo "1397"]
[PlyCount "57"]
[EventDate "2013.05.11"]
[EventType "swiss"]
[EventRounds "9"]
[EventCountry "POL"]

1. c4 Nf6 2. Nf3 e6 3. Nc3 b6 4. d4 Bb7 5. a3 d5 6. cxd5 Nxd5 7. e3 Be7 8. Bd3
Nxc3 9. bxc3 Nd7 10. O-O O-O 11. Qe2 c5 12. Bb2 Rc8 13. Rfd1 Bxf3 14. Qxf3 c4
15. Bc2 Qc7 16. e4 Rfd8 17. e5 Qb8 18. Qh3 Nf8 19. Bc1 Qb7 20. Re1 b5 21. Be4
Qb6 22. Ra2 f5 23. exf6 Bxf6 24. Rae2 a5 25. Bf4 Rd7 26. d5 e5 27. Bf5 exf4 28.
Bxd7 Nxd7 29. Qxd7 1-0

[Event "ch-city B"]
[Site "Warszawa"]
[Date "2013.05.16"]
[Round "6.22"]
[White "Wisniewski, Slawomir"]
[Black "Mantaev, Ruslan"]
[Result "1-0"]
[WhiteElo "1259"]
[BlackElo "1224"]
[PlyCount "91"]
[EventDate "2013.05.11"]
[EventType "swiss"]
[EventRounds "9"]
[EventCountry "POL"]

1. d4 d5 2. c4 Nf6 3. Nf3 h6 4. Nc3 c6 5. e3 Bf5 6. Qb3 Qb6 7. Qxb6 axb6 8.
cxd5 e6 9. dxe6 Bxe6 10. Bd3 Bd6 11. O-O O-O 12. a3 Ra5 13. e4 Nh5 14. e5 Be7
15. b4 Ra8 16. Ne4 Bd5 17. Bd2 g5 18. g4 Ng7 19. h4 f5 20. Nf6+ Bxf6 21. exf6
Rxf6 22. hxg5 hxg5 23. Nxg5 Rh6 24. Nf3 Rh3 25. Nh2 fxg4 26. Be3 Nd7 27. Be2
Nf6 28. f3 g3 29. Ng4 Kf7 30. Kg2 Rh2+ 31. Nxh2 gxh2 32. Kxh2 Rh8+ 33. Kg2 Ng4
34. Bf4 Nf5 35. Rh1 Rg8 36. Kf1 Nfe3+ 37. Bxe3 Nxe3+ 38. Kf2 Nc2 39. Rh7+ Ke8
40. Rg1 Rf8 41. Rgg7 Nxd4 42. Rxb7 Bf7 43. Bc4 Nxf3 44. Rb8+ Ke7 45. Rxf8 Kxf8
46. Rxf7+ 1-0

[Event "ch-city B"]
[Site "Warszawa"]
[Date "2013.05.17"]
[Round "7.1"]
[White "Koziol, Pawel"]
[Black "Jaskowski, Piotr"]
[Result "1/2-1/2"]
[WhiteElo "1883"]
[BlackElo "1826"]
[PlyCount "77"]
[EventDate "2013.05.11"]
[EventType "swiss"]
[EventRounds "9"]
[EventCountry "POL"]

1. Nf3 e6 2. g3 Nf6 3. Bg2 d5 4. O-O Be7 5. d3 O-O 6. Nbd2 c5 7. e4 Nc6 8. Re1
d4 9. a4 e5 10. Nc4 Qc7 11. Nh4 Be6 12. Nf5 Ne8 13. b3 Bf6 14. h4 a6 15. Bd2
Ne7 16. Nxe7+ Bxe7 17. a5 Bxc4 18. dxc4 Bd6 19. Bh3 Qe7 20. Bg5 f6 21. Bd2 Nc7
22. Qg4 Kh8 23. h5 Rae8 24. Qh4 Qd8 25. Bf5 Ne6 26. Kg2 Ng5 27. Rh1 Nf7 28. Bg6
h6 29. Qg4 Bc7 30. Bf5 Nd6 31. Bg6 Qc8 32. Qd1 Re7 33. g4 Nf7 34. Qe2 Ng5 35.
f3 Bd6 36. Bf5 Qc6 37. Rhf1 Ne6 38. Bxe6 Rxe6 39. Qd3 $11 1/2-1/2

[Event "ch-city B"]
[Site "Warszawa"]
[Date "2013.05.17"]
[Round "7.2"]
[White "Sawicki, Wojciech"]
[Black "Kacprzak, Karol"]
[Result "1-0"]
[WhiteElo "1797"]
[BlackElo "1792"]
[PlyCount "83"]
[EventDate "2013.05.11"]
[EventType "swiss"]
[EventRounds "9"]
[EventCountry "POL"]

1. e4 c6 2. d4 d5 3. Nc3 dxe4 4. Nxe4 Bf5 5. Ng3 Bg6 6. h4 h6 7. Nf3 Nd7 8. h5
Bh7 9. Bd3 Bxd3 10. Qxd3 e6 11. Bf4 Qa5+ 12. Bd2 Qc7 13. O-O-O Ngf6 14. Ne4
O-O-O 15. g3 Nc5 16. Nxc5 Bxc5 17. c4 Bd6 18. Bc3 c5 19. Qe2 Rhf8 20. d5 Rfe8
21. Bxf6 gxf6 22. Qe3 Bf8 23. Rhe1 Qa5 24. Kb1 Rd6 25. Rd3 Red8 26. Red1 exd5
27. cxd5 c4 28. Ra3 Qb6 29. Rxa7 Qxe3 30. fxe3 Kb8 31. Ra5 Re8 32. Nd4 Rb6 33.
Nf5 Re5 34. g4 Ra6 35. Rxa6 bxa6 36. Rd4 Bc5 37. Rxc4 Bxe3 38. Rc6 Bg5 39. Rxa6
Rxd5 40. Ra4 Kb7 41. Re4 Kc6 42. Ne7+ 1-0

[Event "ch-city B"]
[Site "Warszawa"]
[Date "2013.05.17"]
[Round "7.4"]
[White "Kowalczyk, Waldemar"]
[Black "Kaminski, Jan"]
[Result "0-1"]
[WhiteElo "1747"]
[BlackElo "1738"]
[PlyCount "100"]
[EventDate "2013.05.11"]
[EventType "swiss"]
[EventRounds "9"]
[EventCountry "POL"]

1. d4 Nf6 2. c4 c6 3. Nc3 d5 4. e3 e6 5. Nf3 Nbd7 6. Bd3 dxc4 7. Bxc4 b5 8. Bd3
a6 9. O-O c5 10. Qe2 Bb7 11. Rd1 Qb6 12. a3 Be7 13. Bc2 O-O 14. Ne5 Rfd8 15.
Nf3 Rac8 16. e4 cxd4 17. Nxd4 Ne5 18. Be3 Bc5 19. Nf3 Bxe3 20. Nxe5 Bd4 21. Nf3
Bxc3 22. Rxd8+ Qxd8 23. bxc3 Rxc3 24. Rd1 Qc7 25. Qd2 g6 26. Bb1 Nxe4 27. Bxe4
Bxe4 28. Ng5 Rd3 29. Qe1 Rxd1 30. Qxd1 Bd5 31. h4 h6 32. Nh3 Qc4 33. Qd2 Qxh4
34. Nf4 Qg5 35. Qe3 Kh7 36. g3 Qf6 37. Nxd5 exd5 38. Qd3 Qe5 39. Qf3 Kg7 40.
Qd3 Qe1+ 41. Kh2 Qxf2+ 42. Kh1 Qe1+ 43. Kh2 Qe4 44. Qc3+ d4 45. Qb4 Qe2+ 46.
Kh1 Qf3+ 47. Kh2 d3 48. Qd4+ Kh7 49. Qd7 Qf2+ 50. Kh1 d2 0-1

[Event "ch-city B"]
[Site "Warszawa"]
[Date "2013.05.17"]
[Round "7.5"]
[White "Wyszomirski, Krzysztof"]
[Black "Praczukowski, Stanislaw"]
[Result "0-1"]
[WhiteElo "1747"]
[BlackElo "1859"]
[PlyCount "64"]
[EventDate "2013.05.11"]
[EventType "swiss"]
[EventRounds "9"]
[EventCountry "POL"]

1. e4 c5 2. Nf3 d6 3. d4 cxd4 4. Nxd4 Nf6 5. Nc3 a6 6. f3 e5 7. Nb3 Be6 8. Be3
h5 9. Nd5 Bxd5 10. exd5 Nbd7 11. c4 g6 12. Nd2 Bh6 13. Bf2 O-O 14. Bd3 e4 15.
Nxe4 Nxe4 16. fxe4 Qa5+ 17. Kf1 Ne5 18. g3 f5 19. exf5 b5 20. c5 Qb4 21. Kg2
Nxd3 22. Qxd3 Rxf5 23. Rae1 Raf8 24. Rhf1 Rxf2+ 25. Rxf2 Qxe1 26. Qxg6+ Bg7 27.
Rxf8+ Kxf8 28. Qxd6+ Kg8 29. Kf3 Qf1+ 30. Ke3 Bh6+ 31. Ke4 Qe2+ 32. Kf5 Qg4+
0-1

[Event "ch-city B"]
[Site "Warszawa"]
[Date "2013.05.17"]
[Round "7.7"]
[White "Wrabel, Antoni"]
[Black "Bitowt, Jacek"]
[Result "0-1"]
[WhiteElo "1701"]
[BlackElo "1898"]
[PlyCount "130"]
[EventDate "2013.05.11"]
[EventType "swiss"]
[EventRounds "9"]
[EventCountry "POL"]

1. e4 e5 2. Nf3 Nc6 3. Bb5 Bc5 4. c3 Nge7 5. O-O Bb6 6. d4 exd4 7. cxd4 d5 8.
Nc3 O-O 9. exd5 Nxd5 10. h3 a6 11. Bc4 Be6 12. Bb3 Qd7 13. Ba4 f6 14. Ne4 Rad8
15. Bd2 Rfe8 16. Ng3 Ba7 17. Bxc6 Qxc6 18. Rc1 Qd7 19. Re1 Bf7 20. Qc2 c6 21.
Nf1 Bb8 22. a3 g5 23. Ne3 Bg6 24. Qb3 Kg7 25. Nxd5 cxd5 26. Ba5 Rc8 27. Rxc8
Rxc8 28. Bb4 Bf7 29. Qd3 Re8 30. Rxe8 Qxe8 31. Qc3 b6 32. Qd2 a5 33. Bc3 h5 34.
Qe1 Qd7 35. Bd2 Bg6 36. Qe3 Bf4 37. Qc3 Bc7 38. Qe3 Bf4 39. Qc3 Bd6 40. Qe3 Qf5
41. Qe1 Kf7 42. Qc1 Qd7 43. b4 a4 44. Qc3 Bc7 45. Be3 Qd6 46. Kf1 Ke7 47. Bd2
Kd8 48. Qe3 Kc8 49. g3 Qd7 50. Kg2 Be4 51. Kh2 h4 52. Ng1 g4 53. Qh6 hxg3+ 54.
fxg3 gxh3 55. Nxh3 Qg4 56. Qe3 Qd1 57. Nf2 Qh5+ 58. Kg1 Bf3 59. Qe6+ Kb7 60. b5
Bxg3 61. Qc6+ Ka7 62. Qd7+ Kb8 63. Qd8+ Kb7 64. Qd7+ Bc7 65. Bf4 Qg6+ 0-1

[Event "ch-city B"]
[Site "Warszawa"]
[Date "2013.05.17"]
[Round "7.8"]
[White "Kowal, Cezary"]
[Black "Milczarek, Robert"]
[Result "1/2-1/2"]
[WhiteElo "1516"]
[BlackElo "1848"]
[PlyCount "99"]
[EventDate "2013.05.11"]
[EventType "swiss"]
[EventRounds "9"]
[EventCountry "POL"]

1. e4 c5 2. c3 d5 3. exd5 Qxd5 4. d4 Nf6 5. Nf3 e6 6. Be2 cxd4 7. cxd4 Bb4+ 8.
Bd2 Bxd2+ 9. Nbxd2 O-O 10. O-O Nc6 11. Bc4 Qf5 12. Qe2 b6 13. Nb3 Bb7 14. Ne5
Nd5 15. Bxd5 exd5 16. Nxc6 Bxc6 17. Rac1 Bd7 18. Rc3 a5 19. Rfc1 Rfe8 20. Re3
a4 21. Nd2 h6 22. h3 Qg6 23. Qf3 Qd6 24. a3 Be6 25. Rec3 Rab8 26. Rc6 Qd8 27.
Qg3 b5 28. Nf3 b4 29. Ne5 bxa3 30. bxa3 f6 31. Ng4 Kh8 32. Qh4 Kh7 33. Rc7 Re7
34. Qg3 Rxc7 35. Rxc7 Rb3 36. Qf4 Bxg4 37. hxg4 Rb8 38. Qf5+ Kh8 39. Rd7 Qf8
40. Qxd5 Qxa3 41. Ra7 Qc1+ 42. Kh2 a3 43. f3 Qf4+ 44. Kh3 Qe3 45. Qf7 Rg8 46.
d5 Qb3 47. Qe7 a2 48. Qa3 Qxd5 49. Qxa2 Qe5 50. Qf7 1/2-1/2

[Event "ch-city B"]
[Site "Warszawa"]
[Date "2013.05.17"]
[Round "7.9"]
[White "Czorniej, Antonina"]
[Black "Zbrzeski, Piotr"]
[Result "1-0"]
[WhiteElo "1394"]
[BlackElo "1801"]
[PlyCount "101"]
[EventDate "2013.05.11"]
[EventType "swiss"]
[EventRounds "9"]
[EventCountry "POL"]

1. d4 c6 2. c4 d5 3. Nf3 e6 4. e3 Nf6 5. b3 Nbd7 6. Bd3 Bd6 7. Bb2 O-O 8. O-O
Qc7 9. Nbd2 Kh8 10. e4 dxe4 11. Nxe4 Bf4 12. g3 Nxe4 13. Bxe4 f5 14. Bc2 Bd6
15. Re1 Nf6 16. Ne5 Bxe5 17. dxe5 Rd8 18. Qe2 Ne8 19. Rad1 b6 20. g4 g6 21. h4
Bb7 22. gxf5 gxf5 23. Bxf5 Qe7 24. Be4 Qxh4 25. Qf3 Qg5+ 26. Kf1 Rxd1 27. Rxd1
Kg8 28. Bxc6 Bxc6 29. Qxc6 Qg4 30. Rd3 Qf5 31. Rg3+ Kh8 32. Qxa8 Qf7 33. Rf3
Qh5 34. Rf8+ Kg7 35. Rxe8 Qd1+ 36. Kg2 Qg4+ 37. Kh1 Qh5+ 38. Kg1 Qd1+ 39. Kh2
Qh5+ 40. Kg3 Qg6+ 41. Kf4 Qf5+ 42. Ke3 Qg5+ 43. Kd3 Qf5+ 44. Qe4 Qh3+ 45. f3
Qf1+ 46. Qe2 Qb1+ 47. Kc3 Kf7 48. Rd8 a5 49. Qd2 Qf5 50. Qd7+ Kg6 51. Qd3 1-0

[Event "ch-city B"]
[Site "Warszawa"]
[Date "2013.05.17"]
[Round "7.11"]
[White "Slomski, Arkadiusz"]
[Black "Grzenkowicz, Lukasz"]
[Result "1-0"]
[WhiteElo "1725"]
[BlackElo "1605"]
[PlyCount "89"]
[EventDate "2013.05.11"]
[EventType "swiss"]
[EventRounds "9"]
[EventCountry "POL"]

1. f4 d5 2. Nf3 c5 3. e3 Nc6 4. Be2 Nf6 5. O-O e6 6. c3 Be7 7. d4 cxd4 8. cxd4
O-O 9. Ne5 a6 10. Nc3 Bd6 11. Bd2 Bb4 12. Be1 Ne8 13. Qa4 Nxe5 14. fxe5 Be7 15.
Rc1 Bd7 16. Qb3 Bc6 17. Na4 Bxa4 18. Qxa4 g6 19. Ba5 b6 20. Bd2 b5 21. Qc2 Ra7
22. Qc6 Qc7 23. Bf3 Qxc6 24. Rxc6 b4 25. Rfc1 a5 26. e4 dxe4 27. Bxe4 Ng7 28.
Be3 Rd7 29. g4 f5 30. Bf3 f4 31. Bf2 Rb8 32. Ra6 Bd8 33. Bc6 Rc7 34. d5 exd5
35. Bxd5+ Kh8 36. Rac6 Rxc6 37. Rxc6 Be7 38. Rc7 Rd8 39. Bb3 Bg5 40. e6 Ne8 41.
Rd7 Rc8 42. h4 Bf6 43. e7 Ra8 44. g5 Bxb2 45. Rd8 1-0

[Event "ch-city B"]
[Site "Warszawa"]
[Date "2013.05.17"]
[Round "7.12"]
[White "Kwiek, Janusz"]
[Black "Kazmierczak, Ewa"]
[Result "0-1"]
[WhiteElo "1648"]
[BlackElo "1532"]
[PlyCount "134"]
[EventDate "2013.05.11"]
[EventType "swiss"]
[EventRounds "9"]
[EventCountry "POL"]

1. Nf3 d5 2. d4 Nf6 3. c4 dxc4 4. Nc3 e6 5. e4 Bb4 6. Bxc4 Nxe4 7. Qb3 Bxc3+ 8.
bxc3 Nc6 9. Qc2 Nf6 10. Ba3 a6 11. Rd1 b5 12. Be2 Ne7 13. O-O Bb7 14. Ne5 O-O
15. f4 Re8 16. Bf3 Ned5 17. f5 Ne3 18. Qd3 Nfd5 19. Bxd5 Qxd5 20. Rf2 Nxd1 21.
Qxd1 exf5 22. Qh5 Rxe5 23. dxe5 Qxe5 24. Re2 Qd5 25. h4 f4 26. Qg4 f3 27. gxf3
Qxf3 28. Qxf3 Bxf3 29. Re7 c6 30. Bc5 h6 31. Kf2 Bd5 32. a3 a5 33. Ke3 a4 34.
Kf4 g6 35. Ke5 Bg2 36. Kf6 Rd8 37. Rxf7 Be4 38. Re7 Rf8+ 39. Ke6 Bd5+ 40. Kd6
Rf7 41. Re8+ Rf8 42. Re7 g5 43. hxg5 hxg5 44. Bd4 Rf7 45. Re5 Rf6+ 46. Ke7 Rg6
47. Rf5 Kh7 48. Rf8 Rg8 49. Rxg8 Kxg8 50. Kf6 g4 51. Kg5 Bf3 52. Kf4 Kf7 53.
Bc5 Ke6 54. Ke3 Kd5 55. Bd4 c5 56. Bf6 b4 57. cxb4 cxb4 58. axb4 Kc4 59. Be7 a3
60. Kd2 a2 61. Bf6 Kxb4 62. Kc2 Bd5 63. Be5 Kc4 64. Kd2 g3 65. Ke2 Kb3 66. Bd4
g2 67. Kf2 Kc2 0-1

[Event "ch-city B"]
[Site "Warszawa"]
[Date "2013.05.17"]
[Round "7.13"]
[White "Krawiecki, Stanislaw"]
[Black "Pacan-Milej, Kosma"]
[Result "1-0"]
[WhiteElo "1629"]
[BlackElo "1405"]
[PlyCount "47"]
[EventDate "2013.05.11"]
[EventType "swiss"]
[EventRounds "9"]
[EventCountry "POL"]

1. e4 c6 2. d4 d5 3. Nc3 dxe4 4. Nxe4 Bf5 5. Ng3 Bg6 6. N1e2 h6 7. Nf4 Bh7 8.
Bc4 Nf6 9. O-O Nd5 10. Qh5 Bxc2 11. Nxd5 cxd5 12. Bxd5 Bg6 13. Qf3 Nd7 14. Bxb7
Rb8 15. Bf4 e5 16. dxe5 Qb6 17. Bc6 Rc8 18. Rac1 Bc5 19. Bxd7+ Kxd7 20. Qg4+
Ke7 21. Qh4+ Kd7 22. Rfd1+ Ke8 23. Be3 f6 24. Qa4+ 1-0

[Event "ch-city B"]
[Site "Warszawa"]
[Date "2013.05.17"]
[Round "7.16"]
[White "Moscicka, Pola"]
[Black "Kaczmarczyk, Marcin"]
[Result "1-0"]
[WhiteElo "1463"]
[BlackElo "1566"]
[PlyCount "51"]
[EventDate "2013.05.11"]
[EventType "swiss"]
[EventRounds "9"]
[EventCountry "POL"]

1. d4 d5 2. c4 c6 3. Nc3 e6 4. Nf3 dxc4 5. e4 Nf6 6. Bxc4 Bb4 7. Qc2 O-O 8. Bg5
Be7 9. O-O Nbd7 10. Kh1 h6 11. Be3 b5 12. Bd3 a6 13. Qd2 Ng4 14. h3 Nxe3 15.
fxe3 Bb7 16. Bc2 Nf6 17. Qd3 g6 18. e5 Nd5 19. Nxd5 cxd5 20. Nh2 b4 21. Ng4 Kg7
22. Rf3 Qe8 23. Raf1 Kh8 24. Nxh6 f5 25. exf6 Kh7 26. f7 1-0

[Event "ch-city B"]
[Site "Warszawa"]
[Date "2013.05.17"]
[Round "7.17"]
[White "Mincewicz, Tomasz"]
[Black "Kucharski, Jacek"]
[Result "1-0"]
[WhiteElo "1473"]
[BlackElo "1379"]
[PlyCount "34"]
[EventDate "2013.05.11"]
[EventType "swiss"]
[EventRounds "9"]
[EventCountry "POL"]

1. d4 d5 2. c4 c6 3. Nc3 Nf6 4. Nf3 e6 5. Bg5 Be7 6. e3 h6 7. Bxf6 Bxf6 8. Bd3
Nd7 9. O-O O-O 10. Rc1 Re8 11. Qc2 Nf8 12. Rfd1 b6 13. e4 dxc4 14. Bxc4 Bb7 15.
e5 Bg5 16. Nxg5 Qxg5 17. Ne4 c5 1-0

[Event "ch-city B"]
[Site "Warszawa"]
[Date "2013.05.17"]
[Round "7.18"]
[White "Moscicki, Slawomir"]
[Black "Wisniewski, Jacek"]
[Result "0-1"]
[WhiteElo "1385"]
[BlackElo "1471"]
[PlyCount "94"]
[EventDate "2013.05.11"]
[EventType "swiss"]
[EventRounds "9"]
[EventCountry "POL"]

1. e4 e5 2. Nf3 Nc6 3. Bb5 a6 4. Bxc6 dxc6 5. O-O Qd6 6. c3 Bg4 7. h3 Bh5 8. d4
O-O-O 9. g4 Bg6 10. Nxe5 f6 11. Nxg6 hxg6 12. Qf3 Re8 13. Bf4 Qe6 14. Nd2 f5
15. exf5 gxf5 16. Kg2 Nf6 17. gxf5 Qxf5 18. Rh1 Nh5 19. Bg3 Nxg3 20. fxg3 Qxf3+
21. Kxf3 Bd6 22. Rae1 Rxe1 23. Rxe1 Rxh3 24. Ne4 Rh2 25. Rb1 b5 26. a3 Kd7 27.
Nc5+ Bxc5 28. dxc5 Ke6 29. b3 Rc2 30. Re1+ Kd5 31. Re3 Kxc5 32. Kf4 Ra2 33.
Re5+ Kb6 34. b4 Rxa3 35. Rc5 a5 36. Re5 Rxc3 37. bxa5+ Kxa5 38. Re7 b4 39. Rxc7
b3 40. Ra7+ Kb6 41. Ra1 b2 42. Rb1 Rb3 43. g4 c5 44. Kf5 c4 45. g5 c3 46. Kg6
c2 47. Rf1 c1=Q 0-1

[Event "ch-city B"]
[Site "Warszawa"]
[Date "2013.05.17"]
[Round "7.19"]
[White "Budrewicz, Henryk"]
[Black "Wisniewski, Slawomir"]
[Result "1-0"]
[WhiteElo "1573"]
[BlackElo "1259"]
[PlyCount "31"]
[EventDate "2013.05.11"]
[EventType "swiss"]
[EventRounds "9"]
[EventCountry "POL"]

1. d4 d5 2. e3 Nf6 3. Bd3 e6 4. Nd2 c5 5. c3 Be7 6. f4 O-O 7. Ngf3 h6 8. O-O b6
9. Qe2 Bb7 10. Ne5 Ne4 11. Rf3 Nd7 12. Rh3 Ndf6 13. g4 Kh8 14. Ndf3 Ng8 15. g5
Re8 16. Nxf7+ 1-0

[Event "ch-city B"]
[Site "Warszawa"]
[Date "2013.05.17"]
[Round "7.22"]
[White "Cuch, Dariusz"]
[Black "Mantaev, Ruslan"]
[Result "0-1"]
[WhiteElo "1397"]
[BlackElo "1224"]
[PlyCount "74"]
[EventDate "2013.05.11"]
[EventType "swiss"]
[EventRounds "9"]
[EventCountry "POL"]

1. e4 e5 2. Nf3 Nc6 3. Bc4 Nf6 4. Ng5 d5 5. exd5 Nxd5 6. d4 exd4 7. O-O Be7 8.
Nc3 dxc3 9. Nxf7 Kxf7 10. Qf3+ Bf6 11. Bxd5+ Be6 12. Bxc6 bxc6 13. b3 Qd5 14.
Qf4 Qe5 15. Rd1 Rhd8 16. Be3 a6 17. h3 h6 18. g4 g5 19. Qxe5 Bxe5 20. f4 gxf4
21. Rf1 Ke7 22. Bxf4 Bxf4 23. Rxf4 Rd2 24. Rf2 Rad8 25. Rc1 Rxf2 26. Kxf2 Rd2+
27. Kg3 c5 28. h4 a5 29. a3 Kd6 30. g5 hxg5 31. hxg5 Bf5 32. Kf3 Kc6 33. Ke3
Kb5 34. Rg1 Bg6 35. Rc1 a4 36. bxa4+ Kxa4 37. Kf4 Kxa3 0-1

[Event "ch-city B"]
[Site "Warszawa"]
[Date "2013.05.17"]
[Round "7.23"]
[White "Woloszyn, Piotr"]
[Black "Szymankiewicz, Jan"]
[Result "1-0"]
[WhiteElo "1533"]
[BlackElo "1481"]
[PlyCount "91"]
[EventDate "2013.05.11"]
[EventType "swiss"]
[EventRounds "9"]
[EventCountry "POL"]

1. d4 g6 2. e4 Bg7 3. Nf3 Nf6 4. Bd3 d6 5. h3 O-O 6. O-O Nbd7 7. Bf4 Ne8 8. e5
dxe5 9. Nxe5 Nb6 10. c3 f6 11. Nc4 Nd5 12. Bh2 Nd6 13. Nbd2 Bd7 14. Qb3 Bc6 15.
Rad1 Kh8 16. Na5 Rb8 17. Ndc4 Qd7 18. Nxd6 cxd6 19. Qc2 f5 20. Bc4 Nf6 21. d5
Bb5 22. Qd3 Bxc4 23. Nxc4 Rfe8 24. Rfe1 Rbc8 25. Nd2 Rc5 26. c4 Bh6 27. Nb3
Rcc8 28. Nd2 Qa4 29. Qb3 Qa5 30. Re2 Qc7 31. Qa3 Bxd2 32. Rexd2 a6 33. b3 Ne4
34. Qb2+ Kg8 35. Rd3 Qa5 36. Re3 b5 37. cxb5 Qxb5 38. g4 Qd7 39. f3 Ng5 40. Kg2
Rc5 41. Bf4 Nf7 42. g5 Rec8 43. Rd2 Rc1 44. Rde2 Kf8 45. Re6 Ne5 46. Bxe5 1-0

[Event "ch-city B"]
[Site "Warszawa"]
[Date "2013.05.18"]
[Round "8.2"]
[White "Praczukowski, Stanislaw"]
[Black "Sawicki, Wojciech"]
[Result "1/2-1/2"]
[WhiteElo "1859"]
[BlackElo "1797"]
[PlyCount "139"]
[EventDate "2013.05.11"]
[EventType "swiss"]
[EventRounds "9"]
[EventCountry "POL"]

1. c4 Nf6 2. g3 g6 3. Bg2 Bg7 4. Nc3 O-O 5. d4 d6 6. Nf3 Nc6 7. O-O a6 8. Qd3
Bd7 9. d5 Nb4 10. Qd1 a5 11. a3 Na6 12. Be3 Nc5 13. Bxc5 dxc5 14. e4 Ng4 15.
Qe2 Ne5 16. Nd2 c6 17. h3 cxd5 18. cxd5 Qb6 19. Rab1 Rfc8 20. Nc4 Nxc4 21. Qxc4
Qa6 22. Qxa6 Rxa6 23. Rfe1 Rb6 24. Bf1 Rxb2 25. Rxb2 Bxc3 26. Rxb7 Bxe1 27.
Rxd7 c4 28. Rxe7 c3 29. d6 c2 30. d7 Rd8 31. Re8+ Kg7 32. Rxd8 c1=Q 33. Rg8+
Kxg8 34. d8=Q+ Kg7 35. Qd4+ Kg8 $11 36. Qd8+ Kg7 37. Qd4+ Kg8 38. Qd3 Qb2 39.
Qf3 Qc3 40. Kg2 Qxf3+ 41. Kxf3 a4 42. Bb5 Bc3 43. Bxa4 Bb2 44. e5 Bxa3 45. Ke4
Bc5 46. f4 h5 47. f5 gxf5+ 48. Kxf5 Bf2 49. g4 hxg4 50. Kxg4 Kg7 51. h4 Bd4 52.
Kf5 Bf2 53. h5 Be3 54. Bd1 Bh6 55. Ke4 Bd2 56. Kd5 Bf4 57. Ke4 Bd2 58. Kd4 Bf4
59. Kd5 Kh6 60. Ke4 Bd2 61. Kf5 Kg7 62. Bf3 Be3 63. Bd5 Bd2 64. Ba2 Be3 65. Ke4
Bd2 66. Kd4 Bf4 67. Kd5 Kh6 68. e6 fxe6+ 69. Kxe6 Kxh5 70. Kf5 1/2-1/2

[Event "ch-city B"]
[Site "Warszawa"]
[Date "2013.05.18"]
[Round "8.3"]
[White "Jaskowski, Piotr"]
[Black "Starczewska, Malgorzata"]
[Result "1-0"]
[WhiteElo "1826"]
[BlackElo "1829"]
[PlyCount "67"]
[EventDate "2013.05.11"]
[EventType "swiss"]
[EventRounds "9"]
[EventCountry "POL"]

1. e4 g6 2. Nf3 Bg7 3. d4 d6 4. c4 c5 5. d5 Nf6 6. Nc3 O-O 7. Bd3 e5 8. Bg5 h6
9. Bd2 Kh7 10. h3 Na6 11. g4 Ng8 12. Ne2 Nb4 13. Bb1 b5 14. a3 Na6 15. cxb5 Nc7
16. a4 f5 17. gxf5 gxf5 18. Ng3 Nf6 19. Qb3 Qe7 20. Nh4 f4 21. Ngf5 Bxf5 22.
Nxf5 Qd7 23. Rg1 Rf7 24. Bc2 Kh8 25. O-O-O Nce8 26. Rg6 a6 27. b6 c4 28. Qf3
Kh7 29. Rdg1 Bf8 30. Bxf4 c3 31. Bxh6 cxb2+ 32. Kb1 Nxe4 33. Qxe4 Nf6 34. Qh4
1-0

[Event "ch-city B"]
[Site "Warszawa"]
[Date "2013.05.18"]
[Round "8.4"]
[White "Kaminski, Jan"]
[Black "Bitowt, Jacek"]
[Result "1-0"]
[WhiteElo "1738"]
[BlackElo "1898"]
[PlyCount "91"]
[EventDate "2013.05.11"]
[EventType "swiss"]
[EventRounds "9"]
[EventCountry "POL"]

1. e4 e5 2. Nf3 Nc6 3. Bc4 Nf6 4. Ng5 d5 5. exd5 Na5 6. Bb5+ c6 7. dxc6 bxc6 8.
Bd3 Bg4 9. Be2 Bf5 10. d3 h6 11. Nf3 Bd6 12. O-O O-O 13. Nbd2 Qc7 14. h3 Rad8
15. c3 e4 16. dxe4 Bxe4 17. Qa4 Rfe8 18. b4 Nb7 19. Nc4 Nd5 20. Nxd6 Nxd6 21.
Qb3 c5 22. Bd2 c4 23. Qb2 Nf5 24. Rfe1 Re6 25. Bd1 Qd7 26. Nh2 Nh4 27. g3 Nf5
28. Bg4 Bd3 29. Rxe6 fxe6 30. Re1 Nf6 31. Bf3 g5 32. Ng4 Nxg4 33. hxg4 Nd6 34.
Bc1 Rf8 35. Bg2 Qf7 36. Qd2 Qf6 37. Bb2 e5 38. f3 Re8 39. Qf2 Qg7 40. Qc5 Qe7
41. Qd5+ Kg7 42. b5 Qe6 43. Qxe6 Rxe6 44. a4 Nc8 45. Bf1 Kf6 46. Kf2 1-0

[Event "ch-city B"]
[Site "Warszawa"]
[Date "2013.05.18"]
[Round "8.5"]
[White "Kacprzak, Karol"]
[Black "Slomski, Arkadiusz"]
[Result "1/2-1/2"]
[WhiteElo "1792"]
[BlackElo "1725"]
[PlyCount "105"]
[EventDate "2013.05.11"]
[EventType "swiss"]
[EventRounds "9"]
[EventCountry "POL"]

1. c4 e6 2. Nc3 f5 3. g3 Nf6 4. Bg2 Be7 5. Nf3 O-O 6. O-O c6 7. d4 d5 8. c5 Ne4
9. Ne5 Nd7 10. Nxd7 Bxd7 11. Nxe4 fxe4 12. Bf4 a5 13. Qb3 Bc8 14. Rfc1 Ra6 15.
e3 Qe8 16. Bf1 Ra8 17. Qc3 Qf7 18. Rc2 h5 19. b3 g5 20. Be5 Bf6 21. Bxf6 Qxf6
22. a3 Re8 23. b4 axb4 24. axb4 Rxa1 25. Qxa1 e5 26. dxe5 Qxe5 27. Qxe5 Rxe5
28. Ra2 Kf7 29. Ra8 Re8 30. Ra7 Re7 31. Be2 Kg6 32. Kf1 Rf7 33. Ke1 h4 34. Ra8
Rc7 35. Ra7 hxg3 36. hxg3 Kf6 37. Ra8 Ke5 38. f4+ exf3 39. Bxf3 d4 40. Kd2
dxe3+ 41. Kxe3 Be6 42. Re8 Kf6 43. Rh8 Re7 44. Kd4 Rf7 45. Be4 Rd7+ 46. Ke3 Re7
47. Rh6+ Ke5 48. Rh7 Rxh7 49. Bxh7 Bd7 50. Be4 Bf5 51. Bg2 Be6 52. Bf3 Bf5 53.
Bg2 $11 1/2-1/2